| 000 | 00906 a2200205 4500 | ||
|---|---|---|---|
| 001 | 33722 | ||
| 005 | 20260407155628.0 | ||
| 008 | 260407a1997 arg spa d | ||
| 003 | AR-UNSa-BCEJYS | ||
| 040 |
_aAR-UNSa-BCEJYS _bspa _cAR-UNSa-BCEJYS |
||
| 080 |
_a911.3:33 _xGeografía económica |
||
| 245 | 1 | 0 | _aGeografía económica, la lógica espacial del capitalismo global |
| 020 | _a84-344-3456-3 | ||
| 264 | 1 |
_aBarcelona : _bAriel _c1997 |
|
| 300 |
_a384 p. _c24 cm. |
||
| 505 | _a1. Economía y organización territorial - 2. Organización espacial del sistema económico - 3. Dinámica capitalista, crisis y reestructuración territorial - 4. Efectos espaciales de la globalización económica - 5. Innovación tecnológica, sistema productivo y territorio - 6. La nueva división espacial del trabajo - | ||
| 942 | _cBK | ||
| 590 | _aniveau_biblio:m niveau_hierar:0 | ||
| 100 | 1 | _aMéndez, Ricardo | |
| 999 |
_c2387 _d2387 |
||